000
00270nmm a2200097Ia 4500
008
220120s9999||||xx |||||||||||||||||und||
020
_a
978-81-312-0965-3
100
_a
Chip
245
0
_a
Power tools pack, adobe photoshop cs6 13.0
260
_a
Infomedia18
_b
Burlington
_c
2012
999
_c
139790
_d
139790